Moderné spôsoby výmeny a zdieľania štatistických údajov medzi členskými štátmi Únie a Eurostatom
Prezentácia moderných nástrojov v oblasti výmeny, zdieľania a rozširovania údajov, ktoré vyvinul Eurostat. Konkrétne príklady.
Enregistré dans:
| Auteur principal: | |
|---|---|
| Format: | Chapitre de livre |
| Langue: | anglais |
| Sujets: | |
| Tags: |
Pas de tags, Soyez le premier à ajouter un tag!
|
MARC
| LEADER | 00000naa a2200000 4500 | ||
|---|---|---|---|
| 001 | 0156739 | ||
| 005 | 20220715093747.8 | ||
| 041 | 0 | |a eng | |
| 044 | |a SK | ||
| 245 | 1 | 0 | |a Moderné spôsoby výmeny a zdieľania štatistických údajov medzi členskými štátmi Únie a Eurostatom |c Ján Plánovský |
| 520 | |a Prezentácia moderných nástrojov v oblasti výmeny, zdieľania a rozširovania údajov, ktoré vyvinul Eurostat. Konkrétne príklady. | ||
| 610 | 2 | 0 | |a Európska únia |
| 610 | 2 | 0 | |a informácie štatistické |
| 610 | 2 | 0 | |a výmena informácií |
| 100 | 1 | |a Plánovský, Ján | |